Prime Ministers of Poland by Picture - Statistics

General Stats
  • This quiz has been taken 92 times
  • The average score is 28 of 49
Answer Stats
Picture Hint Answer % Correct
2007-2011; 2011-2014; 2023-present Donald Tusk
97%
2017-2019; 2019-2023; 2023 Mateusz Morawiecki
94%
2006-2007 Jarosław Kaczyński
93%
2015-2017 Beata Szydło
89%
2014-2015 Ewa Kopacz
85%
2001-2004 Leszek Miller
85%
1981-1985 Wojciech Jaruzelski
83%
1926-1928; 1930 Józef Piłsudski
78%
1952-1954 Bolesław Bierut
76%
1989; 1989-1991 Tadeusz Mazowiecki
76%
1995-1996 Józef Oleksy
72%
1992-1993 Hanna Suchocka
71%
2004; 2004-2005 Marek Belka
71%
1997-2001 Jerzy Buzek
69%
2005-2006 Kazimierz Marcinkiewicz
69%
1992; 1993-1995 Waldemar Pawlak
69%
1919 Ignacy Jan Paderewski
68%
1991-1992 Jan Olszewski
65%
1996-1997 Włodzimierz Cimoszewicz
65%
1947-1952; 1954-1961; 1961-1965; 1965-1969; 1969-1970 Józef Cyrankiewicz
64%
1991 Jan Krzysztof Bielecki
61%
1920-1921; 1923; 1926 Wincenty Witos
61%
1989 Czesław Kiszczak
58%
1918 Ignacy Daszyński
56%
1988-1989 Mieczysław Rakowski
56%
1920; 1923-1925 Władysław Grabski
56%
1922-1923; 1939-1940; 1940-1943 Władysław Sikorski
53%
1970-1972; 1972-1976; 1976-1980 Piotr Jaroszewicz
51%
1943-1944 Stanisław Mikołajczyk
51%
1944-1947 Edward Osóbka-Morawski
50%
1930; 1930-1931;1935 Walery Sławek
50%
1985-1988 Zbigniew Messner
50%
1918-1919 Jędrzej Moraczewski
49%
1936-1939 Felicjan Sławoj Składkowski
47%
1980 Edward Babiuch
46%
1926; 1928-1929; 1929-1930 Kazimierz Bartel
46%
1944-1945 Tomasz Arciszewski
44%
1931-1933 Aleksander Prystor
39%
1940 August Zaleski
39%
1980-1981 Józef Pińkowski
39%
1921-1922 Antoni Ponikowski
36%
1925-1926 Aleksander Skrzyński
35%
1934-1935 Leon Kozłowski
35%
1919-1920 Leopold Skulski
35%
1935-1936 Marian Zyndram-Kościałkowski
35%
1922 Artur Śliwiński
33%
1933-1934 Janusz Jędrzejewicz
33%
1922 Julian Nowak
33%
1929 Kazimierz Świtalski
29%
No matching quizzes found
Score Distribution
Percent of People with Each Score
Percentile by Number Answered
Your Score History
You have not taken this quiz